Statistiken für Länder der Welt mit nur einem Vokal

Klicken Sie hier um das Quiz zu spielen!

Allgemein

  • Dieses Quiz wurde 253 mal gespielt
    (224 seit der letzten Aktualisierung)
  • Das Durchschnittsergebnis liegt bei 10 aus 15

Antwortstatistiken

Antwort% Korrekt
Kanada
88%
Panama
78%
Togo
78%
Malta
76%
Japan
74%
Kosovo
74%
Schweden
74%
Fidschi
70%
Ghana
63%
Jemen
63%
Katar
61%
Bahamas
60%
Tschad
60%
Kasachstan
53%
Madagaskar
46%

Verteilung der Resultate

Perzentil nach korrekt beantworteten Fragen

Anzahl Personen mit jedem Resultat

Ihre Resultats-Entwicklung

Sie haben dieses Quiz seit der letzten Aktualisierung nicht gespielt